00680nam a2200205 i 4500003000900000005001700009007000300026008004100029020001800070040003000088082001200118100003300130245006900163264005600232300002600288336002700314337003300341338002800374500007200402DO-SdBNP20240315111113.0ta110301s2021 dr 000 0 spa d a9789945618587 aDO-SdBNPbspacBNPHUerda 4bO492221 aOlivo Peña, Gustavod1958-13aUn hombre discreto :by otras historias /cGustavo Olivo Peña  a[Santo Domingo] :b[editor no identificado].c2021. a162 páginasc19 cm. 2rdacontentatextobtxt 2rdamediaasin mediaciónbn 2rdacarrieravolumenbnc aIncluye datos biográficos del autor en la solapa de la portada.